书目信息 |
| 题名: |
购房指南
|
|
| 作者: | 何爱国 著 | |
| 分册: | ||
| 出版信息: | 北京 石油工业出版社 1998.09 |
|
| 页数: | 271页 | |
| 开本: | 32开 | |
| 丛书名: | ||
| 单 册: | ||
| 中图分类: | F293.3 | |
| 科图分类: | ||
| 主题词: | 城市经济 , 市政经济 | |
| 电子资源: | ||
| ISBN: | 7-5021-2384-9 | |
| 000 | 00553nam0 2200205 45 | |
| 001 | 0008030999 | |
| 005 | 20000803090629.8 | |
| 010 | @a7-5021-2384-9@d15.00元 | |
| 100 | @a20000803d1998 km y0chiy0120 ea | |
| 101 | 0 | @achi |
| 105 | @a z 000yy | |
| 200 | 1 | @a购房指南@AGou Fang Zhi Nan@f何爱国等著@FHe Ai Guo Deng Zhu |
| 210 | @a北京@c石油工业出版社@d1998.09 | |
| 215 | @a271页@d32开 | |
| 606 | 0 | @a城市经济 |
| 606 | 0 | @a市政经济 |
| 690 | @aF293.3@v3 | |
| 701 | 0 | @a何爱国@4著 |
| 801 | @aCN@bPftUser@c20000803 | |
| 905 | @b84054-058@dF293.3@eH260@f5 | |
| 购房指南/何爱国等著.-北京:石油工业出版社,1998.09 |
| 271页;32开 |
| ISBN 7-5021-2384-9:15.00元 |
| ● |
| 相关链接 |
|
|
|
正题名:购房指南
索取号:F293.3/H260
 
预约/预借
| 序号 | 登录号 | 条形码 | 馆藏地/架位号 | 状态 | 备注 |
| 1 | 84054 | 200840545 | 社科库409/409社科库 107排2列3层/ [索取号:F293.3/H260] | 在馆 | |
| 2 | 84055 | 200840554 | 社科二线422/409社科库 105排1列2层/ [索取号:F293.3/H260] | 在馆 | |
| 3 | 84056 | 200840563 | 社科二线422/409社科库 105排1列2层/ [索取号:F293.3/H260] | 在馆 | |
| 4 | 84057 | 200840572 | 社科库409/409社科库 107排2列3层/ [索取号:F293.3/H260] | 在馆 | |
| 5 | 84058 | 200840581 | 社科二线422/422社科库 44排1列1层/ [索取号:F293.3/H260] | 在馆 |